[Event "Open Sud 2013/2014"]
[Site "Marseille"]
[Date "2014.05.03"]
[Round "1.1"]
[White "Mamah, Isabelle"]
[Black "Potratz, Yannick"]
[Result "1-0"]
[WhiteElo "1836"]
[BlackElo "1444"]
[PlyCount "167"]

1. e4 e5 2. Nf3 Nc6 3. Bc4 Bc5 4. c3 Nf6 5. d4 exd4 6. cxd4 Bb4+ 7. Bd2 d5 8.
exd5 Nxd5 9. O-O O-O 10. Bxb4 Ncxb4 11. Nc3 Nxc3 12. bxc3 Nd5 13. Qb3 Nb6 14.
Bd3 Be6 15. Qc2 h6 16. Ne5 Qd6 17. Qe2 Nd5 18. Qe4 f5 19. Qf3 Nxc3 20. Bxf5
Bxf5 21. Qxc3 Rad8 22. Rad1 Be6 23. Qb2 b6 24. a4 Rf4 25. Rfe1 Rxd4 26. Rxd4
Qxd4 27. Qxd4 Rxd4 28. Nc6 Rd6 29. Nxa7 Bb3 30. Nb5 Rd1 31. Rxd1 Bxd1 32. Nxc7
Bxa4 33. Nd5 b5 34. f4 Kf7 35. Nc3 Ke6 36. Kf2 Kf5 37. Kf3 g5 38. g4+ Kf6 39.
f5 Ke5 40. Ke3 Bc2 41. Nxb5 Bd1 42. h3 Ba4 43. Nc3 Bc6 44. Kf2 Bb7 45. Kg3 Bc6
46. h4 Bb7 47. Nd1 Bc6 48. Nf2 Bd5 49. Nh3 Kf6 50. Ng1 Bc6 51. Nf3 Be4 52. h5
Bb7 53. Nd4 Ke5 54. Ne6 Bd5 55. Nc7 Bb3 56. Nb5 Bd1 57. Nc3 Bb3 58. Kf3 Bc2 59.
Ne2 Be4+ 60. Kg3 Bd5 61. Ng1 Bb7 62. Nf3+ Kf6 63. Kf2 Bc8 64. Nd4 Ke5 65. Ke3
Bd7 66. Nf3+ Kf6 67. Ke4 Bc6+ 68. Ke3 Bb7 69. Nd4 Ke5 70. Ne6 Kf6 71. Nc5 Bc6
72. Kd4 Bf3 73. Ne4+ Kf7 74. Nf2 Kf6 75. Kc4 Bxg4 76. Nxg4+ Kxf5 77. Nxh6+ Kf6
78. Kd4 g4 79. Nxg4+ Kg5 80. h6 Kg6 81. Ke5 Kh7 82. Kf6 Kh8 83. Kg6 Kg8 84. Ne5
1-0

[Event "Open Sud 2013/2014"]
[Site "Marseille"]
[Date "2014.05.03"]
[Round "1.2"]
[White "Amar Amghari, Mohamed"]
[Black "Salvi, Michel"]
[Result "1-0"]
[WhiteElo "1434"]
[BlackElo "1639"]
[PlyCount "92"]
[EventDate "2014.??.??"]

1. e4 c5 2. f4 Nf6 3. Nc3 a6 4. a4 d6 5. Nf3 Nc6 6. Bc4 e6 7. d4 d5 8. exd5
exd5 9. Qe2+ Be7 10. Ba2 cxd4 11. Nd1 O-O 12. O-O Bc5 13. Kh1 Re8 14. Qf2 Ne4
15. Qh4 Bf5 16. Qh5 g6 17. Qh6 Nf6 18. Nf2 Re2 19. h3 Ne4 20. Ng5 Nxg5 21. fxg5
Nb4 22. Bb3 Nxc2 23. Bxc2 Rxc2 24. Bf4 Bf8 25. Qh4 d3 26. Be5 d2 27. Ng4 Bxg4
28. Qxg4 Rac8 29. Qf4 Qe7 30. Bc3 Rc4 31. Qf3 d4 32. Qd3 Rc1 33. Qxc4 Rxa1 34.
Rxa1 dxc3 35. Qxc3 Qb4 36. Qxb4 Bxb4 37. Kg1 Kf8 38. Kf1 Ke7 39. Ke2 a5 40. Rf1
Ke8 41. Rf6 Ke7 42. Rb6 Ke8 43. Rxb7 Kf8 44. Rd7 Ke8 45. Rd4 Ke7 46. Rh4 h5 1-0

[Event "Open Sud 2013/2014"]
[Site "Marseille"]
[Date "2014.05.03"]
[Round "1.3"]
[White "Ganier, Philippe"]
[Black "Roux, Jean-Marie"]
[Result "1-0"]
[WhiteElo "1583"]
[BlackElo "1375"]
[PlyCount "71"]

1. Nf3 d5 2. g3 Nf6 3. Bg2 e6 4. d3 Be7 5. O-O O-O 6. Bf4 Nc6 7. Nbd2 Bd7 8. e4
dxe4 9. dxe4 Bc5 10. c3 h6 11. Qc2 Qe7 12. Bxc7 Rac8 13. Bf4 Rcd8 14. b4 Bb6
15. Nc4 Nh5 16. Bd6 Qe8 17. Bxf8 Qxf8 18. Rad1 Bc7 19. e5 b5 20. Nd6 a6 21. Nb7
Rb8 22. Rxd7 Rxb7 23. Rfd1 Qb8 24. Ne1 Rb6 25. Nd3 g6 26. Bxc6 Rxc6 27. Nc5 Qc8
28. Qe4 Rb6 29. Qf3 f6 30. exf6 e5 31. Qd5+ Kh8 32. Qf7 Qg8 33. Qxg8+ Kxg8 34.
f7+ Kf8 35. Rxc7 Rb8 36. Nd7+ 1-0

[Event "Open Sud 2013/2014"]
[Site "Marseille"]
[Date "2014.05.03"]
[Round "1.4"]
[White "Druel, Patrice"]
[Black "Baroyan, Davit"]
[Result "0-1"]
[WhiteElo "1320"]
[BlackElo "1660"]
[PlyCount "64"]

1. d4 d5 2. Nf3 Nf6 3. h3 Bf5 4. e3 e6 5. Be2 c5 6. c3 Nc6 7. O-O Bd6 8. Na3
cxd4 9. cxd4 a6 10. Ng5 O-O 11. Re1 Rc8 12. Nc2 Bxc2 13. Qxc2 Nxd4 14. Qd3
Nxe2+ 15. Rxe2 h6 16. Nf3 Qd7 17. Nd2 Rc7 18. e4 dxe4 19. Nxe4 Bh2+ 20. Kxh2
Qxd3 21. Re3 Qf1 22. Ng3 Qd1 23. Ne2 Rc2 24. Nc3 Qf1 25. Ne2 Rxe2 26. Rxe2 Qxe2
27. Be3 Ne4 28. Rc1 Nxf2 29. Bxf2 Qxf2 30. Rg1 Rc8 31. Rd1 Rc2 32. Rg1 Rxb2 0-1

[Event "Open Sud 2013/2014"]
[Site "Marseille"]
[Date "2014.05.03"]
[Round "1.5"]
[White "Vella, Michel"]
[Black "Person, Claude"]
[Result "1-0"]
[WhiteElo "1580"]
[BlackElo "1288"]
[PlyCount "33"]

1. Nf3 d5 2. c4 dxc4 3. e3 b5 4. a4 Ba6 5. axb5 Bxb5 6. b3 a6 7. Nc3 Bc6 8.
Bxc4 e6 9. O-O Bd6 10. Nd4 Bb7 11. f4 c5 12. Nde2 Nf6 13. Bb2 h5 14. d4 Qc7 15.
d5 exd5 16. Nxd5 Rg8 17. Nxc7+ 1-0

[Event "Open Sud 2013/2014"]
[Site "Marseille"]
[Date "2014.05.03"]
[Round "1.6"]
[White "Moni, Theo"]
[Black "Loistron, Patrick"]
[Result "0-1"]
[WhiteElo "1099"]
[BlackElo "1475"]
[PlyCount "62"]

1. e4 b6 2. Nf3 Bb7 3. Bc4 e6 4. d3 Be7 5. c3 Nf6 6. O-O O-O 7. Nbd2 d5 8. exd5
Nxd5 9. Bxd5 Bxd5 10. Re1 Nd7 11. Nf1 Qb8 12. Ng3 Bd6 13. c4 Bb7 14. Ne5 Nxe5
15. d4 Nxc4 16. Nh5 Qd8 17. d5 Bxd5 18. Qd4 f6 19. Qg4 Qd7 20. Bh6 Rf7 21. Bxg7
Rxg7 22. Qxg7+ Qxg7 23. Nxg7 Kxg7 24. b3 Nd2 25. Red1 Ne4 26. f3 Bc5+ 27. Kf1
Ng5 28. f4 Ne4 29. a3 Bc6 30. b4 Bb5+ 31. Ke1 Bf2# 0-1

[Event "Open Sud 2013/2014"]
[Site "Marseille"]
[Date "2014.05.03"]
[Round "2.1"]
[White "Loistron, Patrick"]
[Black "Mamah, Isabelle"]
[Result "0-1"]
[WhiteElo "1475"]
[BlackElo "1836"]
[PlyCount "48"]
[EventDate "2014.??.??"]

1. e4 c5 2. Nf3 g6 3. Nc3 Bg7 4. Bc4 Nf6 5. d3 O-O 6. Bd2 Nc6 7. Qc1 Ng4 8. h3
Nge5 9. Nxe5 Nxe5 10. Bb3 a6 11. Bh6 b5 12. Bxg7 Kxg7 13. Qf4 f6 14. O-O Bb7
15. a3 c4 16. dxc4 Nxc4 17. Bxc4 bxc4 18. Rfd1 d6 19. Qe3 Rb8 20. Rd4 Ba8 21.
Na4 Qc7 22. Rxc4 Qxc4 23. Nb6 Qxe4 24. Nd7 Qxg2# 0-1

[Event "Open Sud 2013/2014"]
[Site "Marseille"]
[Date "2014.05.03"]
[Round "2.2"]
[White "Baroyan, Davit"]
[Black "Vella, Michel"]
[Result "1-0"]
[WhiteElo "1660"]
[BlackElo "1580"]
[PlyCount "79"]
[EventDate "2014.??.??"]

1. d4 c5 2. d5 e5 3. c4 d6 4. Nc3 Nf6 5. e4 Be7 6. Be2 O-O 7. Nf3 Ne8 8. O-O f5
9. exf5 Bxf5 10. h3 h6 11. Bd3 Qc8 12. Bxf5 Qxf5 13. Qb3 b6 14. Be3 Nd7 15.
Rac1 Nef6 16. Qc2 Qxc2 17. Rxc2 a6 18. Nd2 Nh5 19. g3 g5 20. Kg2 Kg7 21. Ne2
Rf7 22. f4 exf4 23. gxf4 gxf4 24. Nxf4 Nxf4+ 25. Rxf4 Raf8 26. Rxf7+ Rxf7 27.
Ne4 Nf6 28. Ng3 Nd7 29. Rf2 Rxf2+ 30. Kxf2 Kg6 31. Bxh6 Ne5 32. b3 Bh4 33. Bf4
b5 34. Bxe5 dxe5 35. Kf3 Bxg3 36. Kxg3 Kf5 37. Kf3 bxc4 38. bxc4 a5 39. h4 e4+
40. Ke3 1-0

[Event "Open Sud 2013/2014"]
[Site "Marseille"]
[Date "2014.05.03"]
[Round "2.3"]
[White "Graccione, Angele"]
[Black "Ganier, Philippe"]
[Result "0-1"]
[WhiteElo "1040"]
[BlackElo "1583"]
[PlyCount "38"]
[EventDate "2014.??.??"]

1. e4 e6 2. Nc3 c5 3. d3 Nc6 4. Be3 b6 5. Nf3 Bb7 6. Be2 Nf6 7. Qd2 Be7 8. d4
cxd4 9. Nxd4 Nxd4 10. Qxd4 O-O 11. O-O-O Rc8 12. Qd2 Bb4 13. a3 Bxc3 14. bxc3
Qc7 15. Kb2 Nxe4 16. Qxd7 Qxc3+ 17. Kb1 Qxc2+ 18. Ka1 Rc3 19. Bd3 Rxa3# 0-1

[Event "Open Sud 2013/2014"]
[Site "Marseille"]
[Date "2014.05.03"]
[Round "2.4"]
[White "Potratz, Yannick"]
[Black "Amar Amghari, Mohamed"]
[Result "0-1"]
[WhiteElo "1444"]
[BlackElo "1434"]
[PlyCount "96"]
[EventDate "2014.??.??"]

1. e4 e5 2. Nf3 d6 3. d4 exd4 4. Nxd4 Nf6 5. Nc3 Be7 6. Bc4 a6 7. a4 O-O 8. O-O
Nbd7 9. Re1 Ne5 10. Bb3 Bd7 11. a5 c5 12. Nf5 Bxf5 13. exf5 Qd7 14. Nd5 Nxd5
15. Bxd5 Rab8 16. Qh5 Bf6 17. Re3 Rfe8 18. Bd2 g6 19. fxg6 hxg6 20. Qe2 Ng4 21.
Rxe8+ Rxe8 22. Qc4 Bd4 23. Rf1 Qf5 24. Bf3 Ne5 25. Qd5 Nxf3+ 26. Qxf3 Qxf3 27.
gxf3 Re2 28. c3 Rxd2 29. cxd4 Rxd4 30. Re1 Kf8 31. Kf1 Rb4 32. Rd1 Ke7 33. Rd2
b5 34. axb6 Rxb6 35. Ke2 Ke6 36. Rc2 Rb3 37. Rd2 d5 38. Rc2 Kd6 39. Rd2 d4 40.
h3 Kd5 41. h4 Rb8 42. Kd3 Rh8 43. b3 Rxh4 44. Ra2 Rf4 45. Ke2 Rf6 46. Ra5 Rb6
47. Ra1 Rxb3 48. Rxa6 Rb2+ 0-1

[Event "Open Sud 2013/2014"]
[Site "Marseille"]
[Date "2014.05.03"]
[Round "2.5"]
[White "Salvi, Michel"]
[Black "Druel, Patrice"]
[Result "1-0"]
[WhiteElo "1639"]
[BlackElo "1320"]
[PlyCount "75"]
[EventDate "2014.??.??"]

1. e4 d6 2. Nf3 Nf6 3. c3 Nc6 4. Bb5 Bd7 5. d3 a6 6. Ba4 e5 7. O-O Be7 8. Re1
O-O 9. Nbd2 Bg4 10. Nf1 h6 11. Ne3 Qc8 12. Nxg4 Nxg4 13. d4 Na5 14. h3 Nf6 15.
dxe5 dxe5 16. Nxe5 Bd6 17. Nf3 Rd8 18. Qe2 b5 19. Bc2 Bc5 20. b4 Bxf2+ 21. Qxf2
Nc4 22. Nd4 Re8 23. Bxh6 Ng4 24. hxg4 Qxg4 25. Nf5 g6 26. Ne3 Qh5 27. Nxc4 Qxh6
28. Ne3 Kg7 29. Qg3 Kf8 30. Nd5 Ra7 31. Nxc7 Re7 32. Nd5 Re6 33. Qb8+ Re8 34.
Qxa7 Re5 35. Qb8+ Kg7 36. Qxe5+ Kh7 37. Nf6+ Kg7 38. Ng4+ 1-0

[Event "Open Sud 2013/2014"]
[Site "Marseille"]
[Date "2014.05.03"]
[Round "2.6"]
[White "Roux, Jean-Marie"]
[Black "Person, Claude"]
[Result "1-0"]
[WhiteElo "1375"]
[BlackElo "1288"]
[PlyCount "71"]
[EventDate "2014.??.??"]

1. e4 e5 2. Nf3 d6 3. Nc3 c6 4. Bc4 Bg4 5. d3 Be7 6. Be3 h6 7. h3 Be6 8. Bxe6
fxe6 9. Qd2 Nf6 10. g4 Ng8 11. O-O-O Qa5 12. Kb1 c5 13. Nh2 g5 14. Nf3 b5 15.
h4 b4 16. Ne2 Bf6 17. hxg5 Bg7 18. gxh6 Bf8 19. Ng5 Kd7 20. h7 Nf6 21. f3 Ke7
22. Rdg1 Nbd7 23. f4 Bg7 24. fxe5 Nxe5 25. Bf4 Nexg4 26. Ng3 Rad8 27. Re1 Bh6
28. e5 dxe5 29. Bxe5 Bg7 30. Nf5+ exf5 31. Bc7+ Kd7 32. Bxa5 Rdf8 33. Ne6 Rf7
34. Nxc5+ Kc6 35. Qxb4 Nd5 36. Re6# 1-0

[Event "Open Sud 2013/2014"]
[Site "Marseille"]
[Date "2014.05.03"]
[Round "3.1"]
[White "Mamah, Isabelle"]
[Black "Ganier, Philippe"]
[Result "1-0"]
[WhiteElo "1836"]
[BlackElo "1583"]
[PlyCount "189"]
[EventDate "2014.??.??"]

1. e4 e6 2. d4 b6 3. Nf3 Bb7 4. Nbd2 c5 5. c3 cxd4 6. cxd4 Be7 7. Bd3 Nf6 8.
O-O O-O 9. h3 d6 10. Qe2 Nbd7 11. Nb3 Rc8 12. Bf4 d5 13. e5 Ne4 14. Nfd2 f5 15.
exf6 Ndxf6 16. f3 Nxd2 17. Qxe6+ Kh8 18. Bxd2 Rc6 19. Qe1 Nh5 20. Qe5 Nf6 21.
Rfe1 Bd6 22. Qg5 Rc7 23. Qh4 Rcf7 24. Re6 h6 25. Bg6 Rd7 26. Rae1 Qc7 27. Rxf6
Rxf6 28. Bd3 Re7 29. Rc1 Bh2+ 30. Kf1 Qg3 31. Qh5 Qd6 32. Bg5 Bf4 33. Bxf6 Qxf6
34. Rc2 Bc6 35. Qf5 Qxf5 36. Bxf5 Bg3 37. Rc1 Bb5+ 38. Kg1 g5 39. Nd2 Bf4 40.
Rc8+ Kg7 41. Ne4 dxe4 42. Bxe4 Be3+ 43. Kh2 Bxd4 44. b3 Bc5 45. a4 Ba6 46. Rc6
Be3 47. Rg6+ Kf8 48. Rxh6 Rg7 49. a5 Bb5 50. axb6 Bxb6 51. Rf6+ Ke7 52. Rf5
Bc7+ 53. g3 a6 54. Rc5 Bd6 55. Rc2 Ke6 56. Kg2 Rc7 57. Rd2 Rc3 58. h4 gxh4 59.
gxh4 Bf4 60. Rd8 Re3 61. Kh3 Ke7 62. Rh8 Bd7+ 63. Kg2 Rxb3 64. h5 a5 65. h6
Rb2+ 66. Kf1 Rh2 67. h7 Be5 68. Ra8 a4 69. Ra7 Bd6 70. Bf5 a3 71. Rxd7+ Kf6 72.
Rxd6+ Kxf5 73. Ra6 a2 74. Kg1 Rxh7 75. Rxa2 Kf4 76. Kg2 Rg7+ 77. Kf2 Rh7 78.
Ra4+ Ke5 79. Ke3 Rh1 80. Ra5+ Kd6 81. Kf4 Re1 82. Kf5 Kc6 83. Re5 Rf1 84. f4
Kd7 85. Re4 Kd6 86. Re3 Kd5 87. Kg5 Rg1+ 88. Kf6 Rf1 89. f5 Rg1 90. Kf7 Kd6 91.
f6 Rf1 92. Kg7 Rg1+ 93. Kf8 Rg5 94. f7 Rg4 95. Ke8 1-0

[Event "Open Sud 2013/2014"]
[Site "Marseille"]
[Date "2014.05.03"]
[Round "3.2"]
[White "Amar Amghari, Mohamed"]
[Black "Baroyan, Davit"]
[Result "0-1"]
[WhiteElo "1434"]
[BlackElo "1660"]
[PlyCount "82"]
[EventDate "2014.??.??"]

1. e4 e5 2. Nf3 Nc6 3. Bc4 Bc5 4. O-O d6 5. d3 h6 6. h3 Nf6 7. Nc3 Be6 8. Bxe6
fxe6 9. Na4 Bb6 10. Nxb6 axb6 11. Nh2 O-O 12. f4 Qe8 13. c3 Qh5 14. Qxh5 Nxh5
15. f5 exf5 16. exf5 Ng3 17. Rf3 Nxf5 18. Bd2 Rf7 19. Raf1 Raf8 20. Ng4 Nh4 21.
Rxf7 Rxf7 22. Rxf7 Kxf7 23. Kf2 Nf5 24. Ne3 Nxe3 25. Bxe3 d5 26. Bd2 Ke6 27.
Kf3 Kf5 28. g4+ Kf6 29. h4 g5 30. hxg5+ hxg5 31. Ke3 Nd8 32. c4 c6 33. d4 dxc4
34. dxe5+ Kxe5 35. Bc3+ Kd5 36. Bf6 Nf7 37. b4 cxb3 38. axb3 Ke6 39. Bd4 c5 40.
Bg7 Ne5 41. Bxe5 Kxe5 0-1

[Event "Open Sud 2013/2014"]
[Site "Marseille"]
[Date "2014.05.03"]
[Round "3.3"]
[White "Roux, Jean-Marie"]
[Black "Salvi, Michel"]
[Result "0-1"]
[WhiteElo "1375"]
[BlackElo "1639"]
[PlyCount "56"]
[EventDate "2014.??.??"]

1. e4 c5 2. Nf3 d6 3. Nc3 Nc6 4. Bc4 e6 5. d3 Be7 6. Be3 Nf6 7. Qd2 h6 8. h3 d5
9. exd5 exd5 10. Bxd5 Nxd5 11. O-O-O O-O 12. Nxd5 Qxd5 13. Kb1 b5 14. h4 Be6
15. b3 Bg4 16. Rdg1 a5 17. Ne1 a4 18. f3 axb3 19. fxg4 bxa2+ 20. Ka1 Bf6+ 21.
c3 b4 22. g5 Bxc3+ 23. Qxc3 bxc3 24. Nc2 Qxd3 25. Rc1 Rfb8 26. gxh6 Rb2 27.
Rhd1 Rb1+ 28. Rxb1 axb1=Q+ 0-1

[Event "Open Sud 2013/2014"]
[Site "Marseille"]
[Date "2014.05.03"]
[Round "3.4"]
[White "Vella, Michel"]
[Black "Moni, Theo"]
[Result "1-0"]
[WhiteElo "1580"]
[BlackElo "1099"]
[PlyCount "79"]
[EventDate "2014.??.??"]

1. Nf3 e5 2. Nxe5 Qe7 3. Nf3 Nc6 4. e3 d5 5. c4 dxc4 6. Bxc4 Bf5 7. Bb5 Bxb1 8.
Rxb1 Qe4 9. d3 Qd5 10. Qa4 a6 11. Bxc6+ Qxc6 12. Qxc6+ bxc6 13. O-O Be7 14. Bd2
Nf6 15. Rbc1 O-O 16. Rxc6 Rfc8 17. Rfc1 Nd5 18. e4 Nb4 19. Bxb4 Rab8 20. Bxe7
Rxb2 21. a3 f6 22. h3 Kf7 23. Rxc7 Rxc7 24. Rxc7 Rb1+ 25. Kh2 Rf1 26. Bc5+ Kg6
27. Kg3 Rc1 28. Bd6 Rxc7 29. Bxc7 Kf7 30. d4 Ke6 31. d5+ Kd7 32. d6 Kc8 33. e5
fxe5 34. Nxe5 h6 35. Ba5 g6 36. d7+ Kb7 37. d8=Q g5 38. Qc7+ Ka8 39. Bb6 g4 40.
Qc8# 1-0

[Event "Open Sud 2013/2014"]
[Site "Marseille"]
[Date "2014.05.03"]
[Round "3.5"]
[White "Loistron, Patrick"]
[Black "Graccione, Angele"]
[Result "1-0"]
[WhiteElo "1475"]
[BlackElo "1040"]
[PlyCount "39"]
[EventDate "2014.??.??"]

1. e4 c5 2. Nf3 Nc6 3. Nc3 Nf6 4. Bc4 e6 5. O-O d5 6. exd5 exd5 7. Bb5 a6 8.
Bxc6+ bxc6 9. Ne5 Bb7 10. Re1 Bd6 11. Nxc6+ Kd7 12. Nxd8 Raxd8 13. d3 Bc6 14.
Bg5 Rb8 15. Bxf6 d4 16. Qg4+ Kc7 17. Qxg7 Rhf8 18. Ne4 Rbe8 19. Nxd6 Kxd6 20.
Be7+ 1-0

[Event "Open Sud 2013/2014"]
[Site "Marseille"]
[Date "2014.05.03"]
[Round "3.6"]
[White "Druel, Patrice"]
[Black "Potratz, Yannick"]
[Result "0-1"]
[WhiteElo "1320"]
[BlackElo "1444"]
[PlyCount "80"]
[EventDate "2014.??.??"]

1. d4 d5 2. Nf3 Nf6 3. e3 Bf5 4. Nc3 e6 5. h3 c5 6. Bb5+ Nc6 7. O-O a6 8. Be2
Bd6 9. Re1 O-O 10. Nh4 Bg6 11. Nxg6 hxg6 12. Bf3 Rc8 13. e4 dxe4 14. Nxe4 cxd4
15. Nxf6+ Qxf6 16. g3 Bc5 17. Kg2 Ba7 18. h4 Nb4 19. Bg5 Qf5 20. Bg4 Qb5 21.
Be2 Qb6 22. Be7 Rfe8 23. Bg5 Nxc2 24. Rh1 Nxa1 25. Qxa1 d3 26. Bxd3 Qxf2+ 27.
Kh3 Qf3 28. Qb1 Bf2 29. Rg1 Bxg1 30. Qxg1 e5 31. Qh2 e4 32. Be2 Rc2 33. Bf4
Rxe2 34. Qg1 Qf2 35. Qxf2 Rxf2 36. Be3 Rf3 37. Bd4 e3 38. Kg2 e2 39. Bc3 Rxc3
40. bxc3 e1=Q 0-1

[Event "Open Sud 2013/2014"]
[Site "Marseille"]
[Date "2014.05.04"]
[Round "4.1"]
[White "Baroyan, Davit"]
[Black "Mamah, Isabelle"]
[Result "1/2-1/2"]
[WhiteElo "1660"]
[BlackElo "1836"]
[PlyCount "89"]
[EventDate "2014.??.??"]

1. d4 Nf6 2. c4 g6 3. Nc3 Bg7 4. e4 d6 5. f3 O-O 6. Be3 Nc6 7. Nge2 Bd7 8. Qd2
a5 9. Bh6 a4 10. Bxg7 Kxg7 11. g4 e5 12. d5 Na5 13. Ng3 Rh8 14. h4 h5 15. g5
Nh7 16. f4 exf4 17. Qxf4 Qe7 18. Bd3 Qe5 19. Qxe5+ dxe5 20. c5 f6 21. gxf6+
Nxf6 22. Bb5 Bxb5 23. Nxb5 Rhc8 24. Rd1 Nc4 25. b3 axb3 26. axb3 Ne3 27. Rd2
Neg4 28. Rf1 Ra5 29. Nc3 Rxc5 30. Rd3 Ra5 31. Na4 b5 32. Nc5 Ra1+ 33. Ke2 Rxf1
34. Kxf1 Ne8 35. Ne6+ Kg8 36. Rc3 Kf7 37. Rc5 b4 38. Ke2 Ngf6 39. Rc4 c5 40.
Rxc5 Rxc5 41. Nxc5 Nd6 42. Kd3 Ng4 43. Na6 Nf2+ 44. Ke3 Ng4+ 45. Kd3 1/2-1/2

[Event "Open Sud 2013/2014"]
[Site "Marseille"]
[Date "2014.05.04"]
[Round "4.2"]
[White "Salvi, Michel"]
[Black "Vella, Michel"]
[Result "1-0"]
[WhiteElo "1639"]
[BlackElo "1580"]
[PlyCount "55"]
[EventDate "2014.??.??"]

1. e4 e5 2. Nf3 Nc6 3. Bb5 a6 4. Ba4 b5 5. Bb3 h6 6. O-O Bc5 7. c3 d6 8. Bd5
Nge7 9. d4 exd4 10. cxd4 Bb6 11. Qc2 Bd7 12. Bxc6 Nxc6 13. d5 Ne7 14. Qc3 O-O
15. Nd4 Re8 16. Be3 Ng6 17. Nd2 Rc8 18. Nc6 Bxc6 19. Bxb6 cxb6 20. dxc6 Ne5 21.
Qa3 a5 22. Qb3 b4 23. Nc4 Rxc6 24. Ne3 Nd7 25. f3 Nc5 26. Qd5 Qd7 27. Nc4 Ne6
28. Ne5 1-0

[Event "Open Sud 2013/2014"]
[Site "Marseille"]
[Date "2014.05.04"]
[Round "4.3"]
[White "Ganier, Philippe"]
[Black "Amar Amghari, Mohamed"]
[Result "0-1"]
[WhiteElo "1583"]
[BlackElo "1434"]
[PlyCount "150"]
[EventDate "2014.??.??"]

1. Nf3 Nc6 2. g3 d5 3. d3 e5 4. Bg2 Nf6 5. Bg5 Be7 6. O-O Be6 7. Nbd2 O-O 8. e4
d4 9. c3 Bg4 10. Qc2 h6 11. Bxf6 Bxf6 12. Rac1 Rc8 13. Rfe1 Qd7 14. cxd4 Nxd4
15. Nxd4 Qxd4 16. Nb3 Qb6 17. Qc5 Qa6 18. f3 Be6 19. Qa5 Qb6+ 20. Qxb6 cxb6 21.
d4 Bxb3 22. axb3 exd4 23. e5 Rxc1 24. Rxc1 Bxe5 25. f4 Bf6 26. Bxb7 Rd8 27. Kf1
d3 28. Bf3 Bxb2 29. Rb1 Bc3 30. Rc1 Bb4 31. Bd1 d2 32. Rc4 a5 33. Re4 Kf8 34.
h3 Re8 35. Re2 Rxe2 36. Kxe2 Ke7 37. Bc2 f6 38. f5 Kd6 39. Kd3 b5 40. Kd4 Ba3
41. Kd3 Bc1 42. Kd4 b4 43. Kc4 Ke5 44. Kb5 Kd4 45. Kxa5 Ba3 46. Kb5 Kc3 47. Bd1
Kb2 48. Kc5 Kc1 49. Bf3 d1=Q 50. Bxd1 Kxd1 51. Kd6 Kc2 52. Ke6 Kxb3 53. Kf7 Bc1
54. Kxg7 Bb2 55. Kxh6 Kc4 56. g4 Kd5 57. h4 Ke5 58. h5 Kf4 59. Kg6 Bc1 60. h6
b3 61. h7 b2 62. h8=Q b1=Q 63. Qh4 Kf3 64. Qh5 Bg5 65. Qh3+ Ke4 66. Qg2+ Ke5
67. Qg3+ Kd4 68. Qd6+ Kc3 69. Qe5+ fxe5 70. Kxg5 Qb8 71. f6 Qg8+ 72. Kf5 Kd4
73. g5 Qh7+ 74. Ke6 Qg6 75. Ke7 Qxg5 0-1

[Event "Open Sud 2013/2014"]
[Site "Marseille"]
[Date "2014.05.??"]
[Round "4.4"]
[White "Person, Claude"]
[Black "Loistron, Patrick"]
[Result "0-1"]
[WhiteElo "1288"]
[BlackElo "1475"]
[PlyCount "84"]
[EventDate "2014.??.??"]

1. e4 b6 2. Nf3 Bb7 3. Nc3 Nf6 4. e5 Nd5 5. Nxd5 Bxd5 6. c4 Bb7 7. d3 d6 8. Bf4
Nd7 9. exd6 cxd6 10. Be2 e5 11. Bg3 Be7 12. O-O O-O 13. Qc2 Rc8 14. b3 Bf6 15.
Rad1 b5 16. d4 e4 17. Ne1 Qb6 18. d5 Rfe8 19. Kh1 Be5 20. f4 exf3 21. Bf2 fxe2
22. Qxe2 Qd8 23. Qd3 bxc4 24. Qb1 Nf6 25. Bh4 Qa5 26. Nf3 Bxd5 27. Nxe5 Bxg2+
28. Kxg2 Qxe5 29. Bxf6 gxf6 30. Rde1 Qd5+ 31. Kg1 c3 32. Qc2 Re5 33. Rxe5 Qxe5
34. Rf2 Qe1+ 35. Kg2 Rc5 36. h4 Re5 37. b4 Qe4+ 38. Kg3 f5 39. Qxc3 Qe3+ 40.
Rf3 Qg1+ 41. Kh3 Qg4+ 42. Kh2 Re2+ 0-1

[Event "Open Sud 2013/2014"]
[Site "Marseille"]
[Date "2014.05.04"]
[Round "4.5"]
[White "Potratz, Yannick"]
[Black "Moni, Theo"]
[Result "0-1"]
[WhiteElo "1444"]
[BlackElo "1099"]
[PlyCount "64"]
[EventDate "2014.??.??"]

1. e4 e5 2. Nf3 Nc6 3. Bc4 Bc5 4. Ng5 Qxg5 5. Qf3 Qf6 6. Qxf6 Nxf6 7. O-O Nd4
8. a4 Nxc2 9. Ra2 O-O 10. b3 Nd4 11. Bb2 d6 12. Bxd4 Bxd4 13. h3 Nxe4 14. d3
Nc5 15. b4 Ne6 16. Bxe6 Bxe6 17. b5 Bxa2 18. Nd2 f5 19. a5 Rae8 20. a6 b6 21.
Rc1 Re7 22. Nc4 Bxc4 23. Rxc4 f4 24. g3 fxg3 25. Kg2 gxf2 26. Kf1 Rf3 27. h4
Ref7 28. h5 Rxd3 29. Rc1 Rh3 30. Rc6 Rh1+ 31. Ke2 f1=Q+ 32. Kd2 Rf2# 0-1

[Event "Open Sud 2013/2014"]
[Site "Marseille"]
[Date "2014.05.04"]
[Round "4.6"]
[White "Graccione, Angele"]
[Black "Roux, Jean-Marie"]
[Result "0-1"]
[WhiteElo "1040"]
[BlackElo "1375"]
[PlyCount "110"]
[EventDate "2014.??.??"]

1. e4 e5 2. Nf3 Nc6 3. d4 exd4 4. Nxd4 Nxd4 5. Qxd4 c5 6. Qe5+ Ne7 7. Qxc5 Ng6
8. Qd4 f6 9. Be3 Be7 10. Nc3 O-O 11. Bc4+ Kh8 12. O-O-O d6 13. h4 Bd7 14. f3
Ne5 15. Be2 a6 16. f4 Nc6 17. Qd2 b5 18. Nd5 Be6 19. f5 Bf7 20. Kb1 Bxd5 21.
Qxd5 Nb4 22. Qd2 a5 23. Bxb5 Qc7 24. c3 Nc6 25. Bxc6 Qxc6 26. Qd5 Qc7 27. g4
Rfb8 28. Qd2 a4 29. a3 Qb7 30. Qc1 Qxe4+ 31. Ka2 Rb7 32. Rd4 Qc6 33. Rhd1 Rab8
34. Rb4 Rxb4 35. cxb4 Qd7 36. Bf4 Rc8 37. Qd2 Rd8 38. b3 axb3+ 39. Kxb3 Qc6 40.
Qd5 Qa6 41. Qa5 Qe2 42. Rd2 Qf3+ 43. Ka4 Ra8 44. Bxd6 Rxa5+ 45. Kxa5 Qa8+ 46.
Kb5 Bxd6 47. Rxd6 h6 48. a4 Kh7 49. Ra6 Qd5+ 50. Kb6 Kg8 51. b5 Qd4+ 52. Ka5
Qxg4 53. Rb6 Qxf5 54. Ka6 Qe4 55. a5 Qa8# 0-1

[Event "Open Sud 2013/2014"]
[Site "Marseille"]
[Date "2014.05.04"]
[Round "5.1"]
[White "Mamah, Isabelle"]
[Black "Salvi, Michel"]
[Result "1-0"]
[WhiteElo "1836"]
[BlackElo "1639"]
[PlyCount "81"]
[EventDate "2014.??.??"]

1. e4 c5 2. Nf3 Nc6 3. c3 Nf6 4. e5 Nd5 5. d4 e6 6. Bd3 Be7 7. O-O d6 8. Qe2
cxd4 9. cxd4 Ndb4 10. Bc4 O-O 11. Nc3 d5 12. Bb3 b6 13. a3 Na5 14. Ba4 Na6 15.
Nd2 Nc7 16. Qg4 Bd7 17. Bc2 f5 18. exf6 Rxf6 19. Nf3 e5 20. Qg3 e4 21. Ne5 Bd6
22. f4 Bxe5 23. dxe5 Rg6 24. Qe1 Bh3 25. Rf2 Qf8 26. Nxe4 Bxg2 27. Rxg2 Rxg2+
28. Kxg2 dxe4 29. Bxe4 Nb3 30. Rb1 Qc5 31. Be3 Qc4 32. Bxa8 Nxa8 33. Rd1 Qc2+
34. Kg3 Nc7 35. Rd6 h5 36. Qc3 h4+ 37. Kf3 Qxh2 38. Qxb3+ Kh7 39. Qd3+ Kg8 40.
Rd8+ Kf7 41. Qf5+ 1-0

[Event "Open Sud 2013/2014"]
[Site "Marseille"]
[Date "2014.05.04"]
[Round "5.2"]
[White "Loistron, Patrick"]
[Black "Baroyan, Davit"]
[Result "1-0"]
[WhiteElo "1475"]
[BlackElo "1660"]
[PlyCount "119"]
[EventDate "2014.??.??"]

1. e4 e5 2. Nf3 Nc6 3. Bb5 a6 4. Bxc6 dxc6 5. c4 Qd3 6. Nc3 Bg4 7. Nxe5 Qxc3 8.
bxc3 Bxd1 9. Kxd1 g6 10. Rb1 Bg7 11. d4 Bxe5 12. dxe5 O-O-O+ 13. Kc2 Re8 14. f4
f6 15. Be3 Nh6 16. Bd4 Nf7 17. exf6 Rxe4 18. g3 Re2+ 19. Kb3 Rhe8 20. Rb2 R2e4
21. c5 Nh6 22. Rd2 Rd8 23. Rhd1 Re6 24. h3 Rf8 25. g4 Re4 26. Be5 Nf7 27. Rd7
Nxe5 28. fxe5 Rxe5 29. Rxh7 Rxc5 30. Rdd7 Rb5+ 31. Kc2 Rxf6 32. Rdf7 Rxf7 33.
Rxf7 g5 34. Kd3 Rd5+ 35. Ke4 Ra5 36. Rf5 Rxa2 37. Rxg5 Ra4+ 38. Kd3 Rf4 39. Ke3
Rc4 40. Kd3 Rf4 41. h4 Kd7 42. h5 Rf6 43. Rg7+ Ke6 44. Rxc7 Rf7 45. Rc8 Rg7 46.
h6 Rh7 47. g5 Kf7 48. Ke4 Kg6 49. Kf4 Rf7+ 50. Kg4 Re7 51. Rg8+ Kh7 52. Rf8 Rd7
53. Kh5 Rd5 54. Rf7+ Kg8 55. h7+ Kxf7 56. h8=Q Rxg5+ 57. Kxg5 Ke6 58. Qb8 b5
59. Qb6 Kd5 60. Qxa6 1-0